Religion in Italy - Statistics

General Stats
  • This quiz has been taken 58 times
  • The average score is 5 of 10
Answer Stats
Percentage Religion % Correct
1% Islam
80%
2% Other Christian
73%
1% Buddhism
67%
1% Protestant
67%
1% Judaism
55%
69% Catholic Church
51%
4% Eastern Orthodox
51%
14% No religion
45%
5% Unknown
39%
2% Other Religions
20%
No matching quizzes found
Score Distribution
Percent of People with Each Score
Percentile by Number Answered
Your Score History
You have not taken this quiz